Peruanos ejemplares: valores de los discípulos y misioneros. Santos, beatos y siervos de Dios en el Perú

Saved in:
Bibliografiske detaljer
Hovedforfatter: Benito Rodríguez, José Antonio (Author)
Format: Bog
Sprog:spansk
Udgivet: Lima Paulinas 2009
Udgivelse:1a. ed
Fag:
Tags: Tilføj Tag
Ingen Tags, Vær først til at tagge denne postø!

MARC

LEADER 00000cam a2200000 a 4500
001 UCC2637
003 CL-VaPUC
008 180316e20090000pe |||||||||||||||||spa|d
020 |a 9789972051036 
082 0 4 |a 922.22  |b BEN  |2 21 
100 0 |a Benito Rodríguez, José Antonio  |e author  |9 596676 
245 1 0 |a Peruanos ejemplares: valores de los discípulos y misioneros. Santos, beatos y siervos de Dios en el Perú 
250 |a 1a. ed 
300 |a 237 p 
942 |c BK 
945 |d 20180316 12:27:00  |a dcastane 
260 |a Lima  |b Paulinas  |c 2009 
650 7 |a BIOGRAFIAS DE RELIGIOSOS  |2 CL-VaPUC  |9 582587 
650 7 |a SANTOS CATOLICOS  |2 CL-VaPUC  |9 560211 
650 0 |a Vida religiosa  |9 257284 
651 0 |a Perú  |9 256567 
583 |a last modification  |c 20190705 10:14:46  |k Rodrigo Vera 
999 |c 370668  |d 370666 
952 |0 0  |1 0  |3 erb  |4 0  |6 922_220000000000000_BEN_2009  |7 0  |8 A  |9 487242  |a BIBHIS  |b BIBHIS  |i 5455944  |o 922.22 BEN 2009  |p 5455944  |r 2025-01-20  |w 2019-11-24  |y BK  |z Catalogado en:20180316  |k HIS